| Tag |
First Indicator |
Second Indicator |
Subfields |
| LEADER |
00000cam a2200000 i 4500 |
| 001 |
in00004132913 |
| 005 |
20211120103527.0 |
| 006 |
m o d f |
| 007 |
cr ||||||||||| |
| 008 |
191211s2010 couab ob f000 0 eng c |
| 035 |
|
|
|a (OCoLC)on1130312256
|
| 042 |
|
|
|a pcc
|
| 043 |
|
|
|a n-us-ca
|
| 040 |
|
|
|a GPO
|b eng
|e rda
|e pn
|c GPO
|d MvI
|
| 049 |
|
|
|a WWW
|
| 074 |
|
|
|a 0646-R (online)
|
| 086 |
0 |
|
|a I 29.89:2009/160
|
| 088 |
|
|
|a NPS 120/100620
|
| 100 |
1 |
|
|a Graham, John P.
|q (John Paul),
|e author.
|
| 245 |
1 |
0 |
|a Devils Postpile National Monument :
|b geologic resource evaluation report /
|c John Graham.
|
| 246 |
1 |
7 |
|a DEPO geologic resource evaluation report
|
| 264 |
|
1 |
|a Denver, Colorado :
|b Geologic Resources Division, Natural Resource Program Center ;
|a Ft. Collins, Colorado :
|b U.S. Department of the Interior, National Park Service, Natural Resource Program Center,
|c 2010.
|
| 300 |
|
|
|a 1 online resource (vi, 46 pages) :
|b color illustrations, color maps.
|
| 336 |
|
|
|a text
|b txt
|2 rdacontent
|
| 337 |
|
|
|a computer
|b c
|2 rdamedia
|
| 338 |
|
|
|a online resource
|b cr
|2 rdacarrier
|
| 490 |
1 |
|
|a Natural resource report ;
|v NPS/NRPC/GRD/NRR--2009/160
|
| 500 |
|
|
|a "February 2010."
|
| 500 |
|
|
|a "NPS 120/100620"--Page ii.
|
| 500 |
|
|
|a "Experience your America"--Page 4 of cover.
|
| 504 |
|
|
|a Includes bibliographical references (pages 64-69).
|
| 588 |
|
|
|a Description based on online resource; title from PDF title page (Nature.NPS.gov website, viewed December 11, 2019).
|
| 650 |
|
0 |
|a Geology
|z California
|z Devils Postpile National Monument.
|
| 650 |
|
0 |
|a National monuments
|z California
|z Devils Postpile National Monument.
|
| 651 |
|
0 |
|a Devils Postpile National Monument (Calif.)
|x Environmental conditions.
|
| 710 |
2 |
|
|a Natural Resource Program Center (U.S.),
|e issuing body.
|
| 830 |
|
0 |
|a Natural resources report ;
|v 2009/160.
|
| 856 |
4 |
0 |
|u https://purl.fdlp.gov/GPO/gpo129602
|t 0
|
| 856 |
4 |
0 |
|u http://purl.fdlp.gov/GPO/gpo129602
|t 0
|
| 999 |
f |
f |
|s f51d283c-ed14-312f-b484-4d7f5cc25290
|i 7b34cc20-bf76-3a5f-ab7a-ea8d2c140fb7
|t 0
|
| 952 |
f |
f |
|a Texas A&M University
|b College Station
|c Electronic Resources
|d Available Online
|t 0
|e I 29.89:2009/160
|h Superintendent of Documents classification
|
| 998 |
f |
f |
|a I 29.89:2009/160
|t 0
|l Available Online
|